000 00330nam a2200145Ia 4500
008 230718s9999 xx 000 0 und d
041 _aEng.
082 _a336
_bALV-I
100 _aAlvi 2 Imtiaz
245 0 _aInformal economy
260 _aPakistan
_bOxford unarly Pren
_c1897
300 _a323
650 _aLaw
999 _c26750
_d26750